书目信息 |
| 题名: |
大禹治水记
|
|
| 作者: | 钮生 编著 | |
| 分册: | ||
| 出版信息: | 北京 华龄出版社 2017.9 |
|
| 页数: | 516页 | |
| 开本: | 21cm | |
| 丛书名: | ||
| 单 册: | ||
| 中图分类: | I277.5 | |
| 科图分类: | ||
| 主题词: | 神话--作品集--中国 | |
| 电子资源: | ||
| ISBN: | 978-7-5169-1040-5 | |
| 000 | 00903nam0 2200229 45 | |
| 001 | 012001003239 | |
| 005 | 20140926114739.0 | |
| 010 | @a978-7-5169-1040-5@dCNY88.00 | |
| 100 | @a20170902d2017 em y0chiy0110 ea | |
| 101 | 0 | @achi |
| 102 | @aCN@b110000 | |
| 105 | @ay z 000yy | |
| 106 | @ar | |
| 200 | 1 | @a大禹治水记@9da yu zhi shui ji@f钮生编著@FNiu Sheng Bian Zhu@PNSBZ |
| 210 | @a北京@c华龄出版社@d2017.9 | |
| 215 | @a516页@d21cm | |
| 330 | @a本书是广为流传的神话传说,讲述了大禹带领华夏百姓抗击洪水。他领着四员大将、几个有志于治水的小兄弟和涂山国逃难而来的涂山国公主涂娇,一同踏上了充满艰难险阻的治水之路。。劈龙门;凿壶口;开三门峡;凿出中流砥柱。劈巫山;凿三峡;治巴山蜀水。最后大会天下诸侯;划九州;铸九鼎,最后一统华夏。 | |
| 606 | 0 | @a神话@x作品集@y中国 |
| 690 | @aI277.5@v5 | |
| 701 | 0 | @a钮生@9niu sheng@4编著 |
| 801 | 0 | @aCN@b上海新华@c20180901 |
| 905 | @b1154158-62@dI277.5@e351@f5 | |
| 大禹治水记/钮生编著.-北京:华龄出版社,2017.9 |
| 516页;21cm |
| ISBN 978-7-5169-1040-5:CNY88.00 |
| 本书是广为流传的神话传说,讲述了大禹带领华夏百姓抗击洪水。他领着四员大将、几个有志于治水的小兄弟和涂山国逃难而来的涂山国公主涂娇,一同踏上了充满艰难险阻的治水之路。。劈龙门;凿壶口;开三门峡;凿出中流砥柱。劈巫山;凿三峡;治巴山蜀水。最后大会天下诸侯;划九州;铸九鼎,最后一统华夏。 |
| ● |
| 相关链接 |
|
|
|
|
正题名:大禹治水记
索取号:I277.5/351
 
预约/预借
| 序号 | 登录号 | 条形码 | 馆藏地/架位号 | 状态 | 备注 |
| 1 | 1154158 | 211541580 | 第一样本阅览室/ [索取号:I277.5/351] | 在馆 | |
| 2 | 1154159 | 211541599 | 第二借阅区/ [索取号:I277.5/351] | 在馆 | |
| 3 | 1154160 | 211541606 | 第二借阅区/ [索取号:I277.5/351] | 在馆 | |
| 4 | 1154161 | 211541615 | 密集书库-文学院/ [索取号:I277.5/351] | 在馆 | |
| 5 | 1154162 | 211541624 | 第二借阅区/ [索取号:I277.5/351] | 在馆 |